The noble scholar, jurist, historian


 His Excellency Dr. Abdul Wahhab bin Ibrahim Abu Sulaiman, may Allah have mercy on him.


 He was born in Umm Al-Qura in the year 1356 AH.

التحليق إلى البيت العتيق / (Record no. 13905)

MARC details
000 -LEADER
fixed length control field 01960cam a2200337 i 4500
003 - CONTROL NUMBER IDENTIFIER
control field SA-RiAUC
005 - DATE AND TIME OF LATEST TRANSACTION
control field 20260106120714.0
008 - FIXED-LENGTH DATA ELEMENTS--GENERAL INFORMATION
fixed length control field 260105s2002 su g f000 0aara c
020 ## - INTERNATIONAL STANDARD BOOK NUMBER
International Standard Book Number 9960693902
024 0# - OTHER STANDARD IDENTIFIER
Standard number or code 00000000358363
040 ## - CATALOGING SOURCE
Original cataloging agency SA-JeALM
Language of cataloging ara
Transcribing agency SA-RiAUC
Modifying agency KAC
Description conventions rda
043 ## - GEOGRAPHIC AREA CODE
Geographic area code a-su---
050 #4 - LIBRARY OF CONGRESS CALL NUMBER
Item number .T39 2002
082 04 - DEWEY DECIMAL CLASSIFICATION NUMBER
Classification number 252.5
Assigning agency SA-RiAUC
090 ## - LOCALLY ASSIGNED LC-TYPE CALL NUMBER (OCLC); LOCAL CALL NUMBER (RLIN)
Classification number (OCLC) (R) ; Classification number, CALL (RLIN) (NR) 252.5
Local cutter number (OCLC) ; Book number/undivided call number, CALL (RLIN) ت ا ز
100 1# - MAIN ENTRY--PERSONAL NAME
Personal name التازي، عبد الهادي،
Dates associated with a name 1921-2015
Relator term مؤلف.
245 12 - TITLE STATEMENT
Title التحليق إلى البيت العتيق /
Statement of responsibility, etc. عبد الهادي التازي.
264 #1 - PRODUCTION, PUBLICATION, DISTRIBUTION, MANUFACTURE, AND COPYRIGHT NOTICE
Place of production, publication, distribution, manufacture الرياض :
Name of producer, publisher, distributor, manufacturer دارة الملك عبد العزيز،
Date of production, publication, distribution, manufacture, or copyright notice 2002
300 ## - PHYSICAL DESCRIPTION
Extent 144 صفحة ؛
Dimensions 22 سم.
336 ## - CONTENT TYPE
Content type term نص
Content type code txt
Source rdacontent
Materials specified كتاب
337 ## - MEDIA TYPE
Media type term بدون وسيط
Media type code n
Source rdamedia
490 1# - SERIES STATEMENT
Series statement إصدارات الدارة.
-- كتاب الدارة ؛
Volume/sequential designation 116
504 ## - BIBLIOGRAPHY, ETC. NOTE
Bibliography, etc. note يشتمل على ببليوجرافية.
520 ## - SUMMARY, ETC.
Summary, etc. يسجل هذا الكتاب الرحلة التي قام بها وكتبها في مذكراته الدكتور عبد الهادي التازي لأداء فريضة الحج في عام 1378 هـ / 1959 م ؛ إذ تبدأ بعرض فرصة الحج عليه وهو في بلده المغرب وتنتهي بعودته إلى مطار بلده، وهي بين هذين تشتمل على وصف دقيق وقوة ملاحظة وشمولية في العرض لمختلف شؤون الحياة في وقت الرحلة، وترصد عددا من المواقف التي أصبحت تاريخا، فهي بذلك تمثل صورة من صور أدب الرحلات.
600 17 - SUBJECT ADDED ENTRY--PERSONAL NAME
Personal name التازي، عبد الهادي،
Dates associated with a name 1921-2015
General subdivision رحلات
Geographic subdivision السعودية
Source of heading or term aucnm
650 #7 - SUBJECT ADDED ENTRY--TOPICAL TERM
Topical term or geographic name entry element الحج (فقه إسلامي)
Source of heading or term aucsh
650 #7 - SUBJECT ADDED ENTRY--TOPICAL TERM
Topical term or geographic name entry element العمرة (فقه إسلامي)
Source of heading or term aucsh
830 #0 - SERIES ADDED ENTRY--UNIFORM TITLE
Uniform title إصدارات الدارة.
Name of part/section of a work كتاب الدارة
Volume/sequential designation 116
942 ## - ADDED ENTRY ELEMENTS (KOHA)
Source of classification or shelving scheme Dewey Decimal Classification
Koha item type Books
Suppress in OPAC No
949 ## - LOCAL PROCESSING INFORMATION (OCLC)
a SA-JeALM
d 260105
u osman123
n 1
Holdings
Withdrawn status Lost status Source of classification or shelving scheme Damaged status Not for loan Home library Current library Date acquired Total checkouts Full call number Barcode Date last seen Price effective from Koha item type
    Dewey Decimal Classification     DR AbdElwahab Library DR AbdElwahab Library 01/06/2026   252.5 ت ا ز 000022265 01/06/2026 01/06/2026 Books